[Event "Turnier 40 / 120"]
[Site "Wien"]
[Date "2022.06.21"]
[Round "32"]
[White "Mephisto Berlin 68000 - 12 MHZ"]
[Black "Novag Diamond H8 - 26,6 MHZ"]
[Result "1-0"]
[BlackElo "2105"]
[WhiteElo "2132"]

{Analyse -------> Komodo 13.02} 1. d4 d5 2. c4 dxc4 3. Nf3 Nf6 4. e3 Bg4 5.
Bxc4 e6 6. h3 Bh5 7. O-O {Buchende} Nbd7 8. Nc3 Bd6 9. e4 {Mephisto Berlin
68000 wieder im Buch} e5 10. Be2 O-O 11. Be3 {Buchende} Re8 {Buchende} 12.
Nxe5 {Buchbewertung Mephisto Berlin 68000: +0,42} Bxe2 {Buchbewertung Novag
Diamond: -0,11 / lt. Komodo ist die Stellung exakt gleich 0,00} 13. Qxe2
Nxe5 14. dxe5 Bxe5 15. f3 Qe7 16. Qc4 Rad8 17. Rfd1 a5 18. Rxd8 Rxd8 19.
Qb5 Bxc3 20. bxc3 b6 21. Bf4 h6 {die Stellung ist immer noch im Lot, Komodo
0,00} 22. Qc4 Ne8 23. Rb1 Qf6 24. Be3 Qd6 25. Qd4 Qe7 26. Qc4 Nd6 27. Qb3
Nb7 28. Rd1 Rxd1+ 29. Qxd1 Nc5 30. Qd5 Ne6 31. Kf1 Qa3 32. Qd2 Kf8 33. Kg1
Ke7 34. Qc2 Qd6 35. Qd2 {der Damentausch ist eher ungünstig für Weiss,
besser ist Kf2, Komodo +0,80 für Schwarz} Qxd2 36. Bxd2 Kd6 37. Be3 Ke5
{etwas besser ist Kc6, Komodo +0,30 für Schwarz} 38. g4 {besser ist Kf2,
Komodo +1,00 für Schwarz} b5 39. Kf2 c5 {deutlich besser ist g5, Komodo
+0,40 für Schwarz} 40. Kg3?? {ein Verlustzug !, der König gehört nach e2,
nach dem Textzug ist die Partie bereits verloren für Weiss, Komodo -2,50
mit der Fortsetzung b4} c4??? {hier hat Novag Diamond auch etwas Pech und
wirft den möglichen Sieg hin, er verwirft im letzten Augenblick den
Gewinnzug b4 da er den Textzug um +0,04 besser bewertet, nach dem Textzug
ist die Partie Remis, Komodo 0,00} 41. a3! {na klar, damit ist der Vorstoss
b4 nur noch ein Wunschtraum, da gibt es kein Durchkommen mehr, obwohl hier
Komodo 13.02. b4 ! für die beste Fortsetzung hält, aber das führt eben nur
zum Remis.} b4 42. axb4??? {der nächste speilentscheidende Fehler, Mephisto
Berlin 68000 übersieht hier den möglichen Gewinn für Schwarz mittels a4 !!,
Komodo -1,30} axb4??? {doch auch diese Chance verpasst Novag Diamond,
Komodo 0,00} 43. cxb4 c3 44. b5 c2 45. b6 Nc5 46. Kf2 Nb7??? {nachdem Novag
Diamond 2 klare Gewinnchancen nicht nützen kann macht er hier diesen
absurden Zug, der die Partie natürlich sofort verliert, da braucht man
nichts grossartiges zu erklären spricht für sich, nötig war natürlich Kd6
und es ist Remis, Komodo -5,00} 47. Ke2 g6 {es spielt zwar keine Rolle
mehr, aber auch das ist absurd, einfach Lxh6 und noch ein Bauer ist weg,
besser ist natürlich Kd6, wenngleich auch schon hoffnungslos} 48. Kd2
{Mephisto Berlin 68000 verzichtet merkwürdigerweise auf den H-Bauern, ok er
kann es sich natürlich leisten, Komodo +4,00} h5 49. Kxc2 hxg4 50. hxg4
{Rest geschenkt / eine ganz bittere Niederlage für den Novag Diamond, der
hier 2 klare Gewinnchancen im Endspiel nicht nützen konnte und dann
seinerseits mit dem absurden Zug 46. Sb7 ???? den ganzen Punkt verschenkt.}
1-0
[/pgn]
[pgn]

[Event "Turnier 40 / 120"]
[Site "Wien"]
[Date "2022.06.24"]
[Round "33"]
[White "Novag Diamond H8 - 26,6 MHZ"]
[Black "Mephisto Berlin 68000 - 12 MHZ"]
[Result "1-0"]
[BlackElo "2132"]
[WhiteElo "2105"]

{Analyse -------> Komodo 13.02.} 1. d4 d5 2. c4 e6 3. Nc3 Nf6 4. Bg5 Be7 5.
e3 O-O 6. Nf3 h6 7. Bh4 Ne4 8. Bxe7 Qxe7 9. cxd5 Nxc3 10. bxc3 exd5 11. Qb3
Rd8 12. c4 dxc4 13. Bxc4 Nc6 14. Be2 Rd6 15. O-O Be6 16. Qb2 Bd5 {Buchende}
17. Rfc1 {Buchende} b6 {Buchbewertung Mephisto Berlin 68000: -0,66} 18. Qb5
{Buchbewertung Novag Diamond: +0,46 / lt. Komodo ist die Stellung etwa
gleich} Qd7 19. Nd2 Rd8 20. Bc4 Rg6?? {ein ganz schwacher Zug, danach steht
Weiss bereits klar besser Komodo +1,30, nötig war Lxc4 mit Ausgleich} 21.
Bxd5 Qxd5 22. Qxd5 Rxd5 23. Rc3 Ra5 24. Nb3?? {ein ganz schwacher Zug, der
den Grossteil des Vorteiles verspielt, Komodo +0,60 für Weiss, nötig war a3
mit ca. +1,50 für Weiss} Ra3 25. Rac1? {und gleich der nächste Fehler,
damit steht Schwarz bereits besser, Komodo +0,40 mit der Fortsetzung Sb4,
nötig war Tc4 mit leichtem Vortiel für Weiss} Nb4 26. Rxc7 Nxa2 {etwas
besser ist Txa2, die Stellung ist im Lot, Komodo 0,00} 27. Rc8+? {sinnlos
!!! , Komodo +0,30 für Schwarz} Kh7 28. Rb1 Nb4 29. Kf1 {die Stellung ist
im Lot, Komodo 0,00} Rf6 30. Nd2 Nd5 31. Nf3 Ra2 {besser ist a5, Komodo
+0,60 für Weiss mit der Fortsetzung e4} 32. Rbc1 {schwächer als e4, die
Stellung ist wieder im Lot} Re6? {ein schwacher Zug, danach ist Schwarz im
Vorteil, Komodo +1,00 mit der Fortsetzung Td8, nötig war g5 mit Ausgleich}
33. Rd8 Nb4?? {ein ganz schlechter Zug, danach ist die Partie bereits
verloren, Komodo -2,70 deutlich mehr Wiederstand leistet Sf6} 34. d5 Re4???
{Mephisto Berlin 68000 hat völlig den Überblick verloren, deutlich besser
ist noch Tf6, Komodo -6,50 mit der Fortsetzung d6} 35. Rc3??? {ein
unglaublicher MEGABOCK, der mit einem Schlag den Sieg verschenkt, Komodo
0,00 , bitte was soll das sein, einfach UNFASSBAR !!!!!} Ra1+ {na klar} 36.
Ke2 Ra5? {eine weiterer Ungenauigkeit, nach Ta2+ ist die Partie bereits
Remis, nach dem Textzug ist Weiss wieder etwas im Vorteil, Komodo +0,80}
37. d6 Nd5? {klar schwächer als Ta2+, nach dem Textzug ist Weiss bereits
entscheidend im Vorteil Komodo +1,70} 38. Rc1 {klar schwächer als Tc2,
Komodo +1,20} Nf4+ 39. Kf1 Nd3??? {Mephisto Berlin 68000: -0,15 ??? hat
völlig den Überblick verloren, Komodo -4,20, nötig war Se6 mit ca. -1,20,
nach dem Textzug ist die Partie sofort verloren} 40. Rd1 {Novag Diamond
+2,15} Nb2 {Mephisto Berlin 68000 -1,39, jetzt ist der Groschen gefallen}
41. Rd4??? {in dieser Partie wird wahrlich kein Fettnäpchen ausgelassen,
sofort gewonnen hätte natürlich d7 !! mit ca. +5,00 nach dem Textzug ist
praktisch wieder alles offen, Komodo nur noch +0,80 für Weiss} Rxd4 42.
Nxd4 Ra1+??? {hier werden praktisch keine richtigen Entscheidung getroffen,
nach diesem absurden Schachgebot glaubt Mephisto Berlin 68000 an ein Remis
mit 0,00, natürlich ist die Partie damit sofort wieder verloren Komodo
-4,00, nötig war natürlich das mehr als offensichtliche Td5 !, was wohl
auch jeder menschliche Spieler ziehen würde.} 43. Ke2 {Novag Diamond:
+2,42} Ra2??? {und gleich nochmals um ganze 3 Bauerneinheiten schlechter
als Ta5, Komodo -8,00} 44. d7 Nc4+ {Mephisto Berlin -2,78, jetzt ist der
Groschen gefallen} 45. Kd1 Ne5 46. Rh8+ Kxh8 47. d8=Q+ Kh7 48. Qe7 Ra5 49.
Nb3 Rb5 50. Kc2 a6 51. f4 Ng4 52. h3 Nf6 53. Qxf7 {Rest geschenkt} 1-0
[/pgn]
[pgn]

[Event "Turnier 40 / 120"]
[Site "Wien"]
[Date "2022.06.25"]
[Round "34"]
[White "Mephisto Berlin 68000 - 12 MHZ"]
[Black "Novag Diamond H8 - 26,6 MHZ"]
[Result "1/2-1/2"]
[BlackElo "2105"]
[WhiteElo "2132"]

{Analyse -------> Komodo 13.02.} 1. e4 c6 2. d4 d5 3. exd5 cxd5 4. c4 Nf6
5. Nc3 e6 6. Nf3 Be7 7. cxd5 Nxd5 8. Bd3 {Buchende} Nc6 9. O-O
{Buchbewertung Mephisto Berlin 68000: +0,06} O-O {Buchende} 10. Bb1 Nf6
{Buchbewertung Novag Diamond: +0,07 / lt. Komodo steht Weiss etwas besser
mit ca. +0,40} 11. Bg5 Qb6 12. Qc2 g6 13. Ne2 Bd7 14. Qd2 Nd5 15. Be4 Bxg5
16. Nxg5 Nce7 17. Rac1 f6 18. Nf3 Rac8 19. Nc3 Qd6 20. Rfe1 Bc6 21. Nxd5
Bxd5 22. Bxd5 Qxd5 23. Rc3 Rfe8 24. a3 Nf5 25. Qd3 Rxc3 26. Qxc3 Nd6 27.
Qc7 Nb5 {die Stellung ist seit Beginn im Lot, Komodo 0,00} 28. Qf4 Rf8 29.
Qe3 Rc8 30. a4 Nc7 {der erste etwas schwächere Zug der gesamten Partie,
eine erstaunlich gute Leistung beider Geräte bis zu diesem Zeitpunkt
bewegte sich die Stellungsbewertung von Komodo 13.02. nur im Rahmen von +/-
0,50, nach dem Textzug ist Weiss etwas im Vorteil, Komodo +0,80 mit der
Fortsetzung Tc1, besser ist Sd6 und alles ist im Lot} 31. h3? {dieser Zug
bringt allerdings keinerlei Vorteil für Weiss, die Stellung ist wieder im
Lot} Qa2 {schwächer als Dd7, Komodo +0,50 für Weiss mit der Fortsetzung
Tc1} 32. Qc3 {etwas schwächer als Tc1, die Stellung ist wieder im Lot} Kf7?
{der erste wirklich schlechte Zug der Partie, danach ist Weiss bereits klar
im Vorteil, Komodo +1,30 mit der Fortsetzung b3, nötig war Dxa4 mit
Ausgleich (was übrigens Mephisto Berlin 68000 vorgeschlagen hätte)} 33. b3!
Qa3 34. Nd2! {richtig} Qe7? {deutlich schwächer als Dd6, nach dem Textzug
ist die Partie praktisch schon verloren für Schwarz, Komodo -1,80 mit der
Fortsetzung Tc1} 35. Ne4?? {verschenkt auf einen Schlag den gesamten
Vorteil, und erlaubt es dem schwarzen Turm aus der Schusslinie zu gehen,
Komodo 0,00 !!!, mit der Fortsetzung Td8} Rd8! {na klar} 36. Qc4 Qd7 37.
Qc1 f5 {klar schwächer als De7, danach wäre die Stellung im Lot gewesen,
nach dem Textzug ist Weiss etwas im Vorteil mit ca. +0,70 mit der
Fortsetzung Sg5} 38. Ng5+ Kg8 39. Qc4 Re8 40. Qc5 b6 41. Qe5 a5 42. h4 h6
43. Nf3 Nd5 44. Qg3 Qg7 45. Ne5 {besser ist Tc1, Komodo +0,50 für Weiss}
Kh7 46. Rc1 Rd8 47. Rc6 Qf6 48. Kf1 Rb8??? {Was für ein ABSURDER Zug, wie
man ihn nicht allzu oft sieht, einfach unglaublich, Sd7 ! und Schwarz kann
sofort aufgeben, Komodo -10,00} 49. Nf3??? {und leider kann Mephisto Berlin
68000 das nicht bestrafen und antwortet mit einem ebenso ABSURDEN Zug, der
um ganze 9 Bauerneinheiten schlechter ist als Sd7, Komodo +1,00 für Weiss}
Re8 50. Qd6 Qe7 51. Qxe7+ Rxe7 52. Rd6 Kg7 53. g3?? {mit diesem Zug
verspielt Weiss den letzten Rest des Vorteiles, die Stellung ist im Lot,
Komodo 0,00, Vorteil hätte noch Se5 mit ca. +1,00 versprochen.} Kf6 54. Rc6
Re8 {deutlich schwächer als g5, nach dem Textzug ist Weiss wieder etwas im
Vorteil, Komodo +0,70 mit der Fortsetzung Se5} 55. Ke2 Rh8 56. Ne5 Rd8 57.
f4 Ne7 {ein schwacher Zug, danach ist Weiss bereits klar im Vorteil, Komodo
+1,40 mit der Fortsetzung Txb6, deutlich besser ist h5} 58. Rxb6 Rxd4 59.
Rb8 Nd5 60. Rf8+?? {damit verspielt Weiss neuerlich den kompletten Vorteil,
die Stellung ist wieder im Lot, nötig war Tb7 mit klarem Vorteil für Weiss}
Kg7 61. Rf7+ Kg8 62. Ra7 g5 63. hxg5 hxg5 64. Rxa5 gxf4 65. gxf4 Rxf4 66.
Nd3 Re4+ 67. Kf2 Kf7 68. Nc5 Rf4+ 69. Kg3 Rg4+ 70. Kf3 e5 71. Ra7+ Ke8 72.
Rd7 e4+ 73. Kf2 e3+ 74. Kf3 Rf4+ 75. Kg3 Rd4 76. Rd8+ Kxd8 77. Ne6+ Ke7 78.
Nxd4 Kf6 79. Kf3 Ke5 80. Ne2 Kd6 81. Ng3 f4 82. Ne2 Kc5 83. Ke4 Kb4 84.
Kxd5 f3 85. Nd4 f2 86. Nc2+ Kxb3 87. Nxe3 Kxa4 1/2-1/2
[/pgn]
[pgn]

[Event "Turnier 40 / 120 "]
[Site "Wien"]
[Date "2022.06.27"]
[Round "35"]
[White "Novag Diamond H8 - 26,6 MHZ"]
[Black "Mephisto Berlin 68000 - 12 MHZ"]
[Result "1/2-1/2"]
[BlackElo "2132"]
[WhiteElo "2105"]

{Analyse ------> Komodo 13.02.} 1. c4 c6 2. e4 d5 3. exd5 cxd5 4. d4 Nf6 5.
Nc3 e6 6. Nf3 Bb4 7. cxd5 Nxd5 8. Bd2 {Buchende} Qa5 9. Nxd5 {Buchbewertung
Novag Diamond: +0,23, obwohl Mephisto Berlin 68000 diesen Zug noch im Buch
hat, ist er doch deutlich schlechter als a3, lt. Komodo ist die Stellung im
Lot, nach a3 wäre Weiss mit ca. +0,80 im Vorteil gewesen.} Bxd2+ 10. Qxd2
Qxd5 {Buchende} 11. Rc1 O-O {Buchbewertung Mephisto Berlin 68000: -0,03 /
lt. Komodo steht Weiss eine Nuance besser mit ca. +0,20} 12. Bc4 Qd6 13. d5
{obwohl dieser Zug lt. Analyse von Komodo nur um 0,2 Bauerneinheiten
schlechter ist als 0-0, würde hier wohl kein menschlicher Spieler das
Zentrum aufreissen, vor der Rochade, Komodo 0,00, mir persönlich gefällt
dieser Zug überhaupt nicht, aber kein Fragezeichen, da fast gleichwertig
mit 0-0, naja immerhin ist Weiss den schwachen Isolanie los} exd5 14. Bxd5
Qe7+ 15. Qe3 Qxe3+ {weniger gut, danach ist Weiss leicht im Vorteil, Komodo
+0,50, besser ist Dd8} 16. fxe3 Nc6 17. Bxc6 bxc6 18. Rxc6 Bb7 19. Rd6 Rac8
20. Kd2 Rfd8 21. Rxd8+ Rxd8+ 22. Ke2 f6 23. Rc1 {Weiss ist im Vorteil mit
ca. +1,00} Rd7 24. Rd1 Rxd1 {besser ist Tc7, Komodo +1,40 für Weiss} 25.
Kxd1 g5 26. Ke2 g4 27. Ne1 Kf7 28. Kd3 Ke6 29. Kd4 Bd5? {deutlich mehr
Widerstand bot noch g3, nach dem Textzug ist die Partie praktisch verloren,
Komodo -2,70} 30. b3 f5 31. Nd3 Bc6 32. Nf4+ Kd6 33. h3? {deutlich
schwächer als g3, Komodo +2,00} gxh3 34. gxh3 Bf3 35. b4 h6??? {deutlich
mehr Widerstand leistet Kc6, Komodo -3,30} 36. a3 {schwächer als b5, Komodo
+2,50} Bc6 37. h4 {Weiss steht klar auf Gewinn, Komodo +3,50} Be8 38. Nd3
Bb5 39. Nb2 Be8 40. Nc4+ Ke6 41. Na5? {viel zu umständlich, deutlich besser
ist natürlich Kc5, trotzdem steht Weiss natürlich klar auf Gewinn, Komodo
+3,00} Kd6 42. Nb7+ Kc7 43. Nc5 Kd6 44. a4 Bh5 45. b5 {der Weisse Vorteil
ist enorm angewachsen, Komodo +6,00 !!!} Be2 46. Nd3 Bxd3??? {es spielt
natürlich keine Rolle mehr, aber dieser Zug ist natürlich indiskutabel,
eine Erklärung kann man sich hier ersparen, das spricht für sich, besser
ist noch Kc7, aber auch das hilft natürlich nicht mehr.} 47. Kxd3 Kc5 48.
h5??? {also dieser Zug darf einfach nicht wahr sein, der Novag Diamond
verwirft im letzten Augenblick den Gewinnzug Kc3, nach diesem
TOTALAUSSETZER !!!!!!!, ist die Partie sofort Remis, Komodo 0,00 (um ganze
15 Bauerneinheiten schlechter als Kc3 !!!!)} Kb4 49. Kd4 Kxa4 50. Kc4 Ka3
51. Kc3 Ka4 52. Kc4 Ka3 53. Kc3 Ka4 54. Kc4 {ein bis zum 48. Zug nahezu
perfekte Partie vom Novag Diamond, wo ich bereits eine Lobeshymne anstimmen
wollte, allerdings nach dem UNBESCHREIBLICHEN Zug 48. h5 ?????????????,
kann man am Ende dieser Partie keinen sinnvollen Kommentar mehr abgeben,
das ist schlicht und ergreifend gesagt: VÖLLIG UNVERSTÄNDLICH UND DAHER
AUCH NICHT SINNVOLL ZU KOMMENTIEREN !!!! Stellungswiederholung} 1/2-1/2
[/pgn]
[pgn]

[Event "Turnier 40 / 120"]
[Site "Wien"]
[Date "2022.06.28"]
[Round "36"]
[White "Mephisto Berlin 68000 - 12 MHZ"]
[Black "Novag Diamond H8 - 26,6 MHZ"]
[Result "1/2-1/2"]
[BlackElo "2105"]
[WhiteElo "2132"]

{Analyse -------> Komodo 13.02.} 1. e4 d5 2. exd5 Nf6 3. Bb5+ Bd7 4. Bc4
Bg4 5. f3 {Buchende} Bc8? {ein schlechter Buchzug, deutlich besser ist
natürlich Lf5} 6. Nc3 {Buchbewertung Mephisto Berlin 68000: +0,48} Nbd7
{Buchende} 7. d4 Nb6 {Buchbewertung Novag Diamond: -0,69 / lt. Komodo steht
Weiss etwas besser mit ca. +0,60} 8. Qe2 {etwas besser ist Lb3, nach dem
Textzung ist Weiss nur noch mit ca. +0,30 im Vorteil} Nfxd5 9. Nxd5 Nxd5
10. Bg5 h6 11. Bd2 Nb6 12. c3 {etwas besser ist Lb3, die Stellung ist im
Lot Komodo 0,00} Nxc4 13. Qxc4 e6 14. Bf4 Bd6 15. Ne2 O-O 16. O-O Bd7 17.
Rae1 Bc6 18. Bxd6 Qxd6 19. Ng3 Bd5 20. Qa4 Qb6 21. Qa3 Rfd8 22. Rf2 {die
Stellung ist immer noch im Lot, Komodo 0,00} Qd6 23. Qxd6 cxd6 24. a3 Kf8
25. f4 Ke7 26. f5 g6 27. fxe6 fxe6 28. Ne2 g5 29. Ng3 Kd7 30. Rf7+ Kc6 31.
Ref1 Rh8 32. R1f6 Rae8 33. Rg6 Reg8 34. Rxg8 Rxg8 35. Rf6 Rh8 36. Kf2 Kd7
37. Rg6 Rh7 38. Nh5 Ke7 39. g4 {die Stellung ist immer noch im Lot, Komodo
0,00} Rf7+ 40. Kg1 Bf3 41. Rxh6 Bxg4 42. Ng3 Bf3 43. Kf2 Bd5+ 44. Kg1 g4
45. Nf1 Bf3 46. Ne3 a6 47. Rg6 Rf4 48. Rg7+ Kf8 49. Rd7 Bc6 50. Rc7 Rf7???
{ein unglaublicher Totalaussetzer, was um Gottes willen soll das sein, ist
der G-Bauer überhaupt nichts wert oder wie ???? Völlig unverständlich und
danach ist die Partie natürlich bereits verloren, Komodo -2,00, einfach
ABSURD !!!!!!} 51. Rxf7+ Kxf7 52. Nxg4 Kg6 53. Kf2 b5 54. Kg3? {klar
schwächer als Se3, Komodo +1,30 für Weiss} Kf5 55. h4 Be8 56. Ne3+? {eine
weitere Ungenauigkeit, deutlich besser ist Sf2, jetzt muss Weiss langsam
wieder aufpassen, das nicht noch zu vergeigen, Komodo +0,60 für Weiss} Ke4
57. Nc2? {und die nächste Ungenauigkeit folgt sofort auf den Fuss, danach
ist die Partie bereits Remis, Komodo 0,00 mit der Fortsetzung a5, etwas
Vorteil versprach noch Sg4} Bh5? {aber Novag Diamond kann die Remischance
nicht nützen, natürlich musste Sb4 verhindert werden, nach dem Textzug ist
die Partie verloren für Schwarz, Komodo -1,70} 58. Nb4 a5 59. Nc6 a4 60.
Na7 Be8??? {ein absurder Zug, danach ist alles vorbei, Komodo -4,00
natürlich darf man den weissen König nicht nach g4 lassen, also das nicht
zu sehen ist schon fast peinlich, nach e5 wäre noch Kampf möglich gewesen
mit etwa +1,60 für Weiss.} 61. Kg4! {na klar, das war es dann !} e5 62. h5?
{also was sich in diesem Endspiel ereignet ist kaum zu ertragen, mit diesem
absurden Zug verschenkt Weiss hier tatsächlich noch den Sieg, um ganze 6
Bauerneinheiten !!! schlechter als der Gewinnzug dxe5, nach diesem Zug ist
die Partie Remis, Komodo 0,00} exd4 63. cxd4 Kxd4??? {war ja klar, beide
Geräte verstehen einfach dieses Endspiel nicht, nach diesem weiteren
absurden Zug ist natürlich wieder alles verloren, Komodo -6,00, nötig war
natürlich Lxh5 !!!, aber gut, das muss man auch erst mal sehen.} 64. Kg5???
{einfach UNFASSBAR, sofort wirft Weiss neuerlich den Gewinn hin, warum um
Gottes willen nicht h6 ??????, also da fehlen einem die Worte, nach dem
Textzug ist die Partie wieder Remis} Bxh5 65. Kxh5 Kc4 66. Nc6 d5 67. Kg4
Kb3 68. Nd4+ Kxb2 69. Nxb5 d4 70. Kf3 d3 71. Ke3 Kc2 72. Nd4+ Kb2 73. Kxd3
Kxa3 {Eine Partie, die in 2 Phasen kommentiert werden muss: Bis zum
Endspiel eine fehlerlose Leistung beider Geräte auf hervorragendem Niveau,
jedoch das Endspiel dann nur ein Wort: ABSURD !!!!} 1/2-1/2
[/pgn]
[pgn]